| 000 | 01112nam a2200241 i 4500 | ||
|---|---|---|---|
| 001 | 187944 | ||
| 003 | ES-MaACL | ||
| 005 | 20260305131245.0 | ||
| 008 | 180328s1931 sp |||| | spa d | ||
| 100 | 1 |
_aBarreiro, Agustín Jesús, _d1865-1937 _925888 |
|
| 245 | 1 | 0 |
_aPapel de los españoles en el descubrimiento y estudio de las quinas : _bconferencia pronunciada el día 22 de abril de 1931 / _cpor el P. Agustín Jesús Barreiro. |
| 260 |
_aMadrid : _b[s.n.], _c1931 ( _fBlass) |
||
| 300 |
_a16 p., [5] p. de lám. ; _c23 cm. |
||
| 490 | 1 |
_aConferencias dadas en el Centro de intercambio intelectual germano-español. Segunda serie ; _v6 |
|
| 530 | _aDisponible en formato digital. | ||
| 650 | 4 |
_aQuina. _9153737 |
|
| 650 | 4 |
_aExpediciones científicas- _zAmérica española. _9164469 |
|
| 830 | 0 | 0 |
_aConferencias dadas en el Centro de Intercambio Intelectual Germano-Español. _pSegunda serie _v6 _9192934 |
| 852 |
_aES-MaACL _jC-8111(37) _cSPAL |
||
| 856 | 4 |
_uhttp://bdh-rd.bne.es/viewer.vm?id=0000228025&page=1 _yBiblioteca Digital Hispánica |
|
| 942 | _2udc | ||
| 999 |
_c187944 _d187944 |
||